000 02060cam a22003738i 4500
999 _c13335
_d13335
001 21581142
003 MAJU-Karachi
005 20220630102801.0
008 200624s2020 nju 001 0 eng
010 _a 2020028779
020 _a9781119709152
_q(cloth)
020 _z9781119709176
_q(adobe pdf)
020 _z9781119709169
_q(epub)
040 _aDLC
_beng
_erda
_cDLC
042 _apcc
050 0 0 _a658.0563
_b10399
082 0 0 _a658/.0563
_223
_b10399
100 1 _aSinha, Sudhi,
_d1975-
_eauthor.
245 1 0 _aReimagining businesses with AI /
_cSudhi Sinha, Khaled Al Huraimel.
250 _aFirst Edition.
263 _a2009
300 _apages cm
500 _aIncludes index.
520 _a"Most organizations who see their survival and success in the future are making artificial intelligence (AI) a part of their core agenda, but their leaders also struggle with developing a roadmap for how to reimagine their world with AI. This book is intended to help both business and technology leaders navigate the complex world of AI with its myriad dimensions in several ways: Understand the opportunity landscape. Develop a framework for business transformation. Investigate the possibilities across multiple sectors like healthcare, education, citizen services, transportation, financial services, smart buildings, and cities, etc. Build a technology foundation and the enabling ecosystems. Address broader societal concerns around ethics, privacy, security Manage the change"--
650 0 _aArtificial intelligence
_xEconomic aspects.
650 0 _aInformation technology
_xManagement.
650 0 _aOrganizational learning.
650 0 _aOrganizational change.
700 1 _aHuraimel, Khaled Al,
_d1974-
_eauthor.
776 0 8 _iOnline version:
_aSinha, Sudhi, 1975-
_tReimagining businesses with ai
_bFirst edition.
_dHoboken : Wiley, 2020.
_z9781119709176
_w(DLC) 2020028780
906 _a7
_bcbc
_corignew
_d1
_eecip
_f20
_gy-gencatlg
942 _2ddc
_cBUSINESS